| 000 | 00749cam a2200253 4500 | ||
|---|---|---|---|
| 001 | E1343 | ||
| 008 | 090401t1992 xxu||||| |||| 00| 0 eng d | ||
| 035 | _a(Sirsi) u95694 | ||
| 041 | _aeng | ||
| 110 |
_aRoyal Institution of Chartered Surveyors _bScotland _93082 |
||
| 245 | 4 | _aThe Draft Council Tax (alteration of lisrs and appeals)(Scotland) Regulations 1993 | |
| 260 |
_aEdinburgh _bRICS _c1992 |
||
| 300 | _a2p. | ||
| 350 | _a0 | ||
| 490 | _aRICS Memorandum | ||
| 490 |
_aSPPA/REPORT _v(92)37 |
||
| 520 | _a20 December 1992. | ||
| 650 | _aCOUNCIL TAX | ||
| 650 | _aDRAFT COUNCIL TAX (ALTERATION OF LISTS AND APPEALS)(SCOTLAND) REGULATI | ||
| 650 | _aSCOTLAND | ||
| 690 | _aRATING AND VALUATION | ||
| 942 | _n0 | ||
| 948 | _c04/03/1997 | ||
| 999 |
_c98553 _d98553 |
||